Application of computer vision methods using reinforcement learning in the football domain.
Salvato in:
| Autore principale: | |
|---|---|
| Altri autori: | |
| Natura: | Manoscritto Libro |
| Lingua: | slovacco inglese |
| Pubblicazione: |
2025
|
| Soggetti: | |
| Accesso online: | http://is.stuba.sk/zp/portal_zp.pl?podrobnosti=177076 |
| Tags: |
Nessun Tag, puoi essere il primo ad aggiungerne!!
|
MARC
| LEADER | 00000ntm a22000003a 4500 | ||
|---|---|---|---|
| 001 | stuzp105818 | ||
| 003 | SK-STU | ||
| 005 | 20250607211720.5 | ||
| 007 | ta | ||
| 008 | 150427s2015----xo-----f-mn---000-0-slo-d | ||
| 040 | |a STU |b slo | ||
| 041 | 0 | |a eng | |
| 100 | 1 | |a Grom, Roman |u 070400 |4 aut |U FIIT Fakulta informatiky a informačných technológií |T FIIT Ústav počítačového inžinierstva a aplikovanej informatiky |X 102924 |U I400 |Y 672 |7 102924 | |
| 242 | 0 | 1 | |a Aplikácia metód počítačového videnia s použitím učenia posilňovaním v doméne obrazového záznamu futbalu |y slo |
| 245 | 1 | 0 | |a Application of computer vision methods using reinforcement learning in the football domain. |
| 260 | |c 2025 | ||
| 650 | 4 | |a Detection |2 eng | |
| 650 | 4 | |a Football |2 eng | |
| 650 | 4 | |a Chance |2 eng | |
| 650 | 4 | |a Detekcia |2 slo | |
| 650 | 4 | |a Futbal |2 slo | |
| 650 | 4 | |a Šanca |2 slo | |
| 700 | 1 | |a Jánoš, Igor |u 070000 |k Z3 |4 ths |T FIIT Fakulta informatiky a informačných technológií |X 30864 |U I |Y 70 |7 A000030864 | |
| 856 | 4 | |u http://is.stuba.sk/zp/portal_zp.pl?podrobnosti=177076 | |